Hymn Words vol 1 Quiz Stats

 Plays Quiz not verified by Sporcle

Challenge
Share
Tweet
Embed
Score 0/143 Timer 10:00
0 Plays Today
Answer % Correct
a
98.9%
a
98.9%
a
98.9%
I
95.5%
I
95.5%
I
95.5%
I
95.5%
the
94.4%
the
94.4%
the
94.4%
God;
91%
God
91%
O
88.8%
O
88.8%
and
83.1%
and
83.1%
Lord,
82%
of
80.9%
of
80.9%
of
80.9%
of
80.9%
of
80.9%
thee.
78.7%
to
75.3%
love.
75.3%
to
75.3%
He,
75.3%
to
75.3%
to
75.3%
to
75.3%
to
75.3%
to
75.3%
to
75.3%
love;
75.3%
thy
74.2%
thy
74.2%
thy
74.2%
thy
74.2%
Jesus
74.2%
be!
74.2%
thy
74.2%
thy
74.2%
my
73%
my
73%
my
73%
my
73%
me
71.9%
me
71.9%
Answer % Correct
me
71.9%
for
70.8%
it,
70.8%
it,
70.8%
it,
70.8%
it
70.8%
for
70.8%
Thou
65.2%
praise.
64%
Praise
64%
grace;
61.8%
when
61.8%
from
61.8%
from
61.8%
his
61.8%
grace
61.8%
sing
60.7%
how
60.7%
great
59.6%
Come,
57.3%
heart
57.3%
come;
57.3%
heart
57.3%
heart,
57.3%
every
56.2%
by
56.2%
by
56.2%
by
56.2%
blessing,
52.8%
fount
50.6%
above.
50.6%
take
50.6%
above.
50.6%
I'm
49.4%
Here
49.4%
I'm
49.4%
at
49.4%
I'm
49.4%
mercy,
48.3%
never
47.2%
wander,
46.1%
songs
44.9%
some
44.9%
like
44.9%
feel
44.9%
mount!
43.8%
upon
43.8%
Mount
43.8%
Answer % Correct
good
43.8%
blood.
43.8%
Let
43.8%
Prone
43.8%
Prone
43.8%
leave
43.8%
courts
43.8%
fixed
42.7%
stranger,
42.7%
Wandering
42.7%
rescue
42.7%
danger,
42.7%
wandering
42.7%
seal
42.7%
Seal
42.7%
Tune
41.6%
redeeming
41.6%
raise
41.6%
home.
41.6%
sought
41.6%
precious
41.6%
Streams
40.4%
ceasing,
40.4%
Teach
40.4%
sonnet,
40.4%
Ebenezer;
40.4%
help
40.4%
debtor
40.4%
constrained
40.4%
Here's
40.4%
Call
39.3%
melodious
39.3%
hither
39.3%
hope,
39.3%
fetter,
39.3%
Bind
39.3%
loudest
38.2%
flaming
38.2%
fold
38.2%
Daily
38.2%
Sung
37.1%
tongues
37.1%
Safely
37.1%
Interposed
37.1%
pleasure,
36%
arrive
36%
goodness,
34.8%

You're not logged in!

Compare scores with friends on all Sporcle quizzes.
Join for Free
OR
Log In

You Might Also Like...

Show Comments

Extras

Top Quizzes Today


Score Distribution

Your Account Isn't Verified!

In order to create a playlist on Sporcle, you need to verify the email address you used during registration. Go to your Sporcle Settings to finish the process.

Report this User

Report this user for behavior that violates our Community Guidelines.

Details: